Clueless #7 - Statistics

General Stats
  • This quiz has been taken 723 times
    552 since last reset
  • The average score is 119 of 328
Answer Stats
Word % Correct
   myself,    
98%
     I'd      
98%
     I'll     
98%
     I'm      
98%
     I've     
98%
     (me      
98%
     me,      
98%
      I      
98%
      me      
98%
      my      
98%
      My      
98%
      a      
96%
      A      
96%
      an      
96%
    ain't    
91%
     the      
91%
     o'-      
89%
    she's    
89%
    She's    
89%
     are      
86%
      is      
86%
     was      
86%
    you're    
86%
    you've    
86%
     him      
85%
     his      
85%
      he      
85%
      He      
85%
    didn't    
84%
    don't    
84%
   wit'chya   
84%
    gotta    
82%
     you      
82%
     You      
82%
     your     
82%
     and      
80%
     And      
80%
    can't    
79%
     her      
79%
     she      
79%
     She      
79%
    wanna    
79%
      be      
77%
     ladies     
76%
    won't    
76%
     it!)     
74%
     it!      
74%
     it,      
74%
      do      
74%
      it      
74%
      to      
73%
      To      
73%
      in      
72%
    here's    
71%
      on      
71%
    going    
70%
     can      
70%
     not      
68%
      em      
66%
     that     
65%
     That     
65%
     them     
65%
     they     
65%
    that!    
65%
     ha,      
64%
      Ha      
64%
     when     
64%
      so      
63%
      So      
63%
     So,      
63%
  girlfriend  
61%
    girls    
61%
     girl     
61%
   fellas!    
60%
   Fellas!    
60%
   females,   
60%
   homeboys   
60%
   ladies!    
60%
   Ladies!    
60%
   ladies,    
60%
    dames    
60%
     boys     
60%
     man      
60%
    women    
60%
     but      
59%
     But      
59%
     get      
57%
     got      
57%
     Got      
57%
     like     
56%
     wit      
56%
      of      
53%
     with     
53%
     for      
52%
     had      
52%
     Has      
52%
     have     
52%
      if      
51%
      If      
51%
     big      
50%
     seen     
50%
     5'3"     
49%
     24-      
48%
     36-      
48%
     36?      
48%
     900-     
48%
     lie      
48%
      1-      
48%
     want     
48%
     this     
46%
      ya      
44%
    (Yeah)    
44%
    yeah!)    
44%
    Yeah,    
44%
   (Yeah!)    
44%
    butt!    
42%
    butt?    
42%
    butts    
42%
     butt     
42%
     say      
42%
     says     
42%
    Sayin'    
42%
    walks    
41%
   walking    
41%
     (LA      
39%
    other    
39%
   sit-ups    
39%
    Thing!    
38%
    thing    
38%
    back!    
37%
     back     
37%
     deny     
37%
     tell     
37%
     Tell     
37%
     Then     
37%
     ugh,     
37%
     ugh      
37%
   baby ...   
36%
    baby,    
36%
     Baby     
36%
      up      
36%
   workout    
36%
    comes    
35%
     just     
35%
      Oh      
35%
   brothers   
34%
    Honda    
34%
      at      
34%
      or      
34%
    makes    
33%
     face     
33%
     made     
33%
      by      
33%
     out!     
33%
     take     
33%
     Take     
33%
     Ooh,     
31%
     Some     
31%
     down     
30%
    round    
30%
    round,    
30%
   thinkin'   
30%
   thoughts   
30%
 Mix-A-Lot's  
29%
  MIX-A LOT  
29%
    bitty    
28%
     Give     
28%
     help     
28%
     itty     
28%
    waist    
28%
    Cause    
25%
   looking    
24%
   Mercedes   
23%
    Benz?    
23%
    happy!    
23%
     hon      
23%
     real     
23%
     Now      
22%
     stop     
22%
   sprung,    
22%
   dancing    
21%
    about    
21%
    booty)    
21%
    Fonda    
21%
    leave    
21%
    small    
21%
    Cosmo    
20%
    (Heck    
20%
     heck     
20%
     only     
20%
    (Shake    
20%
    shake    
20%
    Shake    
20%
    tried    
20%
   Oakland    
20%
   Playboy    
20%
   talking    
20%
     fat      
19%
     much     
19%
     Well     
19%
    Well,    
19%
     none     
18%
   nothin'    
18%
   anaconda   
17%
    Little    
17%
     ask      
17%
     hit      
17%
     home     
17%
    black    
16%
    buns,    
16%
     lot      
16%
     play     
16%
   Playing    
16%
     Even     
15%
     find     
15%
     stay     
15%
    shout    
15%
    white    
15%
    juicy    
14%
     list     
14%
     pull     
14%
     use      
14%
    Unless    
14%
    long,    
13%
     keep     
13%
     lose     
13%
    please    
13%
   picture    
13%
 knucklehead  
12%
   around!    
12%
    parts    
12%
    thick    
12%
   *quack*    
12%
  double-up,  
11%
   average    
11%
   healthy    
11%
    animal    
11%
    break    
11%
    double    
11%
     flat     
11%
      Jo      
11%
     skin     
11%
     song     
11%
     turn     
11%
     warn     
11%
    tired    
11%
   staring    
11%
  magazines  
10%
  magazines:  
10%
    "hard"    
10%
    jeans    
10%
     miss     
10%
     Miss     
10%
     quit     
10%
     Red      
10%
     rock     
10%
     roll     
10%
     side     
10%
     wet      
10%
    rolls    
10%
    sista,    
10%
    Stick    
10%
   sistas:    
10%
   stickin'   
10%
   stuffed    
10%
   wearing    
10%
   Begging    
9%
   groupie    
9%
    acting    
9%
    bubble    
9%
    hooked    
9%
     Deep     
9%
     Flo      
9%
     Til      
9%
     toys     
9%
     word     
9%
    piece    
9%
    strong    
9%
    throw    
9%
    tough    
9%
   smooth-    
9%
   throwing   
9%
   trouble    
9%
    middle    
8%
     game     
8%
      X      
8%
     pack     
8%
     soul     
8%
    notice    
8%
    quick    
8%
    Rump-    
8%
    sweat,    
8%
    turbo    
8%
   silicone   
8%
  romancing  
8%
   friction   
7%
   kickin'    
7%
    bends    
7%
    motor    
7%
    nasty    
7%
     cuss     
7%
     dawn     
7%
     Dial     
7%
     gig      
7%
     kick     
7%
    tapes    
7%
    Vette    
7%
   scandal    
7%
   straight   
7%
    chose    
6%
    curves    
6%
    Knock-    
6%
     dis      
6%
     gold     
6%
    rather    
6%
    resist    
6%
    simps    
6%
    triple    
6%
    videos    
6%
   retrieve   
6%
   beanpole   
5%
    beans    
5%
    kneed    
5%
     rice     
5%
 selection... 
5%
     role     
4%
     toss     
4%
    punks    
4%
No matching quizzes found
Score Distribution
Percent of People with Each Score
Percentile by Number Answered
Your Score History
You have not taken this quiz since the last reset